[Event "Zuerich op 37th"]
[Site "Zuerich"]
[Date "2013.12.26"]
[Round "1"]
[White "Barczyk, Janusz"]
[Black "Maffioli, Massimo"]
[Result "0-1"]
[WhiteElo "1686"]
[BlackElo "1914"]
[PlyCount "80"]
[EventDate "2013.12.26"]
[EventType "swiss"]
[EventRounds "7"]
[EventCountry "SUI"]
[SourceTitle "CBM 158 Extra"]
[Source "ChessBase"]
[SourceDate "2014.02.28"]
[SourceVersion "1"]
[SourceVersionDate "2014.02.28"]
[SourceQuality "1"]

1. e4 e5 2. Nc3 Nf6 3. Nf3 Nc6 4. Bb5 d6 5. h3 Be7 6. d3 Bd7 7. 0-0 a6 8. Ba4 0-0 9. a3 b5 10. Bb3 Na5 11. Ba2 c5 12. b4 cxb4 13. axb4 Nc6 14. Bd5 Rc8 15. Rb1 Nxb4 16. Rxb4 Rxc3 17. Bd2 Nxd5 18. exd5 Rc5 19. Qa1 a5 20. Rb2 b4 21. Qa2 Qa8 22. Ra1 Qxd5 23. Qxd5 Rxd5 24. Rb3 Rc8 25. c4 bxc3 26. Rxc3 Rxc3 27. Bxc3 Bd8 28. d4 f6 29. Ra2 Rb5 30. Ra1 Kf7 31. Nd2 Be6 32. Ne4 Ke7 33. dxe5 fxe5 34. Rd1 d5 35. Ng5 h6 36. Nxe6 Kxe6 37. Re1 Bc7 38. f4 e4 39. Bxg7 Bxf4 40. Ra1 Be5 0-1

[Event "Zuerich op-B 36th"]
[Site "Zuerich"]
[Date "2012.12.29"]
[Round "5"]
[White "Maffioli, Massimo"]
[Black "Sierra, Robin"]
[Result "0-1"]
[WhiteElo "1988"]
[BlackElo "1903"]
[PlyCount "140"]
[EventDate "2012.12.26"]
[EventType "swiss"]
[EventRounds "7"]
[EventCountry "SUI"]
[SourceTitle "EXT 2019"]
[Source "ChessBase"]
[SourceDate "2018.10.10"]
[SourceVersion "1"]
[SourceVersionDate "2018.10.10"]
[SourceQuality "1"]

1. d4 Nf6 2. c4 g6 3. Nc3 Bg7 4. e4 d6 5. Nf3 0-0 6. Be2 e5 7. Be3 Ng4 8. Bg5 f6 9. Bh4 g5 10. Bg3 Nh6 11. 0-0 Nd7 12. dxe5 dxe5 13. Qd5+ Nf7 14. Rfd1 c6 15. Qd2 Qe7 16. Ne1 Nb6 17. Nc2 Be6 18. b3 Rfd8 19. Qe1 Rxd1 20. Rxd1 Rd8 21. f3 Rxd1 22. Qxd1 Qd7 23. Bf2 Bf8 24. Kf1 Qxd1+ 25. Bxd1 Nc8 26. Be2 Bd7 27. c5 Nd8 28. Bc4+ Be6 29. Bxe6+ Nxe6 30. b4 a5 31. a3 axb4 32. axb4 Kf7 33. g3 Be7 34. Na3 Nc7 35. Nc4 Na6 36. Na2 Bd8 37. Ke2 Ke6 38. Kd3 Nb8 39. Nc3 Na6 40. Na2 Nb8 41. Nc1 Nd7 42. Nb3 b6 43. cxb6 Ncxb6 44. Nba5 Nxc4 45. Nxc6 Bb6 46. Kxc4 Bxf2 47. Kb5 Kd6 48. Na5 Kc7 49. Nc6 h5 50. g4 hxg4 51. fxg4 Bb6 52. Ne7 Kb7 53. Nf5 Bc7 54. h4 gxh4 55. Nxh4 Nf8 56. Nf3 Ne6 57. Kc4 Kb6 58. Kd5 Nf4+ 59. Kc4 Nh3 60. Kd5 Nf4+ 61. Kc4 Bd8 62. g5 fxg5 63. Nxe5 Bc7 64. Ng4 Kc6 65. Ne3 Ng6 66. b5+ Kd6 67. Nd5 Ne5+ 68. Kd4 g4 69. Nxc7 Kxc7 70. Kxe5 g3 0-1

[Event "Lugano New op 5th"]
[Site "Lugano"]
[Date "2011.04.24"]
[Round "4"]
[White "Botta, Gabriele"]
[Black "Maffioli, Massimo"]
[Result "1-0"]
[WhiteElo "2268"]
[BlackElo "1861"]
[PlyCount "51"]
[EventDate "2011.04.22"]
[EventType "swiss"]
[EventRounds "6"]
[EventCountry "SUI"]
[SourceTitle "CBM 142 Extra"]
[Source "ChessBase"]
[SourceDate "2011.06.27"]
[SourceVersion "1"]
[SourceVersionDate "2011.06.27"]
[SourceQuality "1"]

1. e4 e5 2. Nf3 Nc6 3. Bb5 g6 4. 0-0 Bg7 5. c3 Nge7 6. d4 exd4 7. cxd4 d5 8. Bxc6+ bxc6 9. e5 0-0 10. h3 f6 11. Bf4 Rb8 12. Qc1 Rb4 13. Qd2 Rb6 14. Nc3 Ba6 15. Rfe1 Bb5 16. Rac1 Qd7 17. exf6 Bxf6 18. Bh6 Re8 19. Qf4 Nf5 20. Rxe8+ Qxe8 21. Re1 Qd8 22. Bg5 Bxg5 23. Nxg5 Qd6 24. Re8+ Kg7 25. Re5 Qd7 26. g4 1-0

[Event "Lugano New op 2nd"]
[Site "Lugano"]
[Date "2008.03.16"]
[Round "7"]
[White "Piemonti, Carlo"]
[Black "Maffioli, Massimo"]
[Result "1-0"]
[WhiteElo "2063"]
[BlackElo "1736"]
[PlyCount "75"]
[EventDate "2008.03.13"]
[EventType "swiss"]
[EventRounds "7"]
[EventCountry "SUI"]
[SourceTitle "EXT 2010"]
[Source "ChessBase"]
[SourceDate "2010.11.25"]
[SourceVersion "1"]
[SourceVersionDate "2010.11.25"]
[SourceQuality "1"]

1. e4 e5 2. Nf3 Nc6 3. Bb5 g6 4. 0-0 Bg7 5. c3 d6 6. h3 Bd7 7. d4 f6 8. Be3 Nh6 9. dxe5 Nxe5 10. Bxd7+ Nxd7 11. Qd5 Qc8 12. Qe6+ Kf8 13. Nbd2 Nb6 14. Qb3 Nf7 15. Nd4 Ke7 16. a4 a5 17. f4 Qd7 18. Nb5 Ra6 19. Rad1 Re8 20. Bd4 Kf8 21. e5 f5 22. e6 Rxe6 23. Bxg7+ Kxg7 24. Nxc7 Qxc7 25. Qxe6 Nxa4 26. Qb3 Nc5 27. Qc4 Qb6 28. Qd4+ Kf8 29. Nc4 Qc7 30. Rfe1 b5 31. Nd2 a4 32. Re3 a3 33. Rde1 Ra8 34. bxa3 Qa5 35. Qf6 Qxa3 36. Re7 Qa2 37. R1e6 Qxe6 38. Rxe6 1-0

[Event "Lugano New op 2nd"]
[Site "Lugano"]
[Date "2008.03.15"]
[Round "6"]
[White "Maffioli, Massimo"]
[Black "Piazza, Carlo"]
[Result "1/2-1/2"]
[WhiteElo "1736"]
[BlackElo "2069"]
[PlyCount "73"]
[EventDate "2008.03.13"]
[EventType "swiss"]
[EventRounds "7"]
[EventCountry "SUI"]
[SourceTitle "EXT 2010"]
[Source "ChessBase"]
[SourceDate "2010.11.25"]
[SourceVersion "1"]
[SourceVersionDate "2010.11.25"]
[SourceQuality "1"]

1. d4 Nf6 2. c4 e6 3. Nc3 c5 4. d5 exd5 5. cxd5 d6 6. e4 g6 7. f4 Bg7 8. Bb5+ Nfd7 9. a4 0-0 10. Nf3 a6 11. Bd3 Qc7 12. 0-0 c4 13. Bc2 Re8 14. Be3 Nf8 15. Bd4 f6 16. Re1 Bg4 17. h3 Bxf3 18. Qxf3 Nbd7 19. Qf2 Rac8 20. Re2 Qa5 21. Qe1 Qc7 22. Qf2 b6 23. Na2 Nc5 24. Nb4 Nfd7 25. Rae1 Rf8 26. Qg3 Rce8 27. Nc6 Nb8 28. Nxb8 Qxb8 29. Qc3 b5 30. axb5 axb5 31. e5 fxe5 32. fxe5 Nd3 33. Bxd3 cxd3 34. Qxd3 dxe5 35. Bc5 Rf7 36. b4 Qb7 37. d6 1/2-1/2

[Event "Lugano op"]
[Site "Lugano"]
[Date "2004.10.30"]
[Round "1"]
[White "Rosin, Federico"]
[Black "Maffioli, Massimo"]
[Result "1-0"]
[WhiteElo "2132"]
[BlackElo "1773"]
[PlyCount "61"]
[EventDate "2004.10.30"]
[EventType "swiss"]
[EventRounds "6"]
[EventCountry "SUI"]
[SourceTitle "EXT 2007"]
[Source "ChessBase"]
[SourceDate "2006.11.23"]
[SourceVersion "1"]
[SourceVersionDate "2006.11.23"]
[SourceQuality "1"]

1. e4 e5 2. Nf3 Nc6 3. d4 exd4 4. Nxd4 Bc5 5. Nxc6 Qf6 6. Qd2 dxc6 7. Bd3 Be6 8. Nc3 Qe7 9. 0-0 0-0-0 10. Na4 Kb8 11. Nxc5 Qxc5 12. Qg5 Qxg5 13. Bxg5 f6 14. Be3 Ne7 15. Rae1 h6 16. f4 b6 17. b3 Rhf8 18. f5 Bc8 19. Bc1 c5 20. Bb2 Nc6 21. e5 Nxe5 22. Bxe5 fxe5 23. Rxe5 Rd7 24. g4 c6 25. Rfe1 b5 26. Re7 Rf7 27. Rxf7 Rxf7 28. Re5 Kc7 29. Rxc5 Kd6 30. b4 Re7 31. Bxb5 1-0

[Event "Lugano op"]
[Site "Lugano"]
[Date "2003.10.31"]
[Round "4"]
[White "Botta, Giancarlo"]
[Black "Maffioli, Massimo"]
[Result "0-1"]
[WhiteElo "1449"]
[BlackElo "1743"]
[PlyCount "38"]
[EventDate "2003.10.31"]
[EventType "swiss"]
[EventRounds "6"]
[EventCountry "SUI"]
[SourceTitle "EXT 2007"]
[Source "ChessBase"]
[SourceDate "2006.11.23"]
[SourceVersion "1"]
[SourceVersionDate "2006.11.23"]
[SourceQuality "1"]

1. e4 e5 2. Nf3 Nc6 3. Bb5 a6 4. Ba4 Nf6 5. Nc3 b5 6. Bb3 Bc5 7. 0-0 d6 8. d3 0-0 9. Ne2 Bg4 10. Ng3 Nd4 11. h3 Nxf3+ 12. gxf3 Bxh3 13. Re1 Nd7 14. c3 Qh4 15. d4 Bb6 16. Be3 Kh8 17. Qd2 h6 18. Kh2 Bg4+ 19. Kg2 Qh3+ 0-1

[Event "Lugano op"]
[Site "Lugano"]
[Date "2003.10.31"]
[Round "2"]
[White "Habibi, Ali"]
[Black "Maffioli, Massimo"]
[Result "1-0"]
[WhiteElo "2264"]
[BlackElo "1743"]
[PlyCount "95"]
[EventDate "2003.10.31"]
[EventType "swiss"]
[EventRounds "6"]
[EventCountry "SUI"]
[SourceTitle "EXT 2007"]
[Source "ChessBase"]
[SourceDate "2006.11.23"]
[SourceVersion "1"]
[SourceVersionDate "2006.11.23"]
[SourceQuality "1"]

1. a3 e5 2. c4 Nf6 3. Nc3 Be7 4. Nf3 d6 5. g3 Be6 6. d3 0-0 7. Bg2 Nbd7 8. 0-0 c6 9. Ng5 d5 10. Nxe6 fxe6 11. Bh3 d4 12. Bxe6+ Kh8 13. Nb1 b5 14. b3 Nc5 15. Bh3 bxc4 16. dxc4 a5 17. Bb2 Rb8 18. Nd2 Qb6 19. Rb1 Nxb3 20. Bxd4 Qxd4 21. Nxb3 Qxc4 22. Bg2 Qa6 23. Qd3 Qxd3 24. exd3 Bxa3 25. Nxa5 Rbd8 26. Rb3 Bd6 27. Nxc6 Rc8 28. Rb5 e4 29. dxe4 Rxc6 30. e5 Rc5 31. Rxc5 Bxc5 32. exf6 Rxf6 33. Be4 g5 34. h3 Kg7 35. Kg2 h5 36. Bf3 Kh6 37. Be2 h4 38. Bf3 Kg6 39. Rc1 Bb6 40. Rc4 hxg3 41. fxg3 Kh6 42. Re4 Kg7 43. Re5 Kh6 44. Re7 Bc5 45. Rc7 Bf8 46. Be4 Bg7 47. g4 Rf4 48. Bf5 1-0